Представление документа в формате RUSMARC

Поле Инд. ПП Название Значение
Тип записи a
Библиографический уровень m
001 Контрольный номер 8dd9ed90af5d4011a16faea98d8923ca
005 Дата корректировки 20240902092023.3
101 0_ a Язык текста rus
102 a Страна публикации RU
200 1_ a Заглавие Криптовалюта как предмет хищения
b Общее обозначение материала Текст
f Первые сведения об ответственности М. А. Простосердов
203 a Вид содержания Текст : электронный
210 1_ d Дата издания 2016
300 a Общие примечания Чтение статьи доступно в Источнике
336 a Примечание о виде электронного ресурса PDF
461 _0 1 2001
a Российское правосудие
463 _0 1 2001
a № 6
v С. 107-112
1 2101
d 2016
606 a Основная рубрика Право. Юридические науки
x Основная подрубрика Уголовное право
610 0_ a Ключевые слова КРИПТОВАЛЮТА
a Ключевые слова ХИЩЕНИЕ
700 _1 a Фамилия Простосердов
b Имя М. А.
g Полное личное имя Михаил Александрович
801 _0 a Страна RU
b Организация РГУП
c Дата составления 20210329
g Правила каталогизации PSBO
801 _1 a Страна RU
b Организация РГУП
c Дата составления 20210329
g Правила каталогизации PSBO
901 t Тип документа b
w Контрольный № источника f8201945023e431b90a64d889b4bbd5a
905 a Дата ввода 20210329